Psychology: from inquiry to understanding (Record no. 55225)
[ view plain ]
| 000 -LEADER | |
|---|---|
| fixed length control field | 00847nam a2200217 a 4500 |
| 001 - CONTROL NUMBER | |
| control field | 016671635 |
| 008 - FIXED-LENGTH DATA ELEMENTS--GENERAL INFORMATION | |
| fixed length control field | 181022s2009 ||||||||||||||||| || u |
| 020 ## - INTERNATIONAL STANDARD BOOK NUMBER | |
| International Standard Book Number | 9780205412433 |
| 020 ## - INTERNATIONAL STANDARD BOOK NUMBER | |
| International Standard Book Number | 9780205612628 (International ed.) |
| 050 ## - LIBRARY OF CONGRESS CALL NUMBER | |
| Classification number | BF 121 Psy |
| 100 ## - MAIN ENTRY--PERSONAL NAME | |
| Personal name | Namy, Laura L |
| 245 10 - TITLE STATEMENT | |
| Title | Psychology: from inquiry to understanding |
| Statement of responsibility, etc. | Scott O. Lilienfeld; Steven Jay Lynn; Laura L. Lynn; Nancy J. Woolf |
| 260 ## - PUBLICATION, DISTRIBUTION, ETC. | |
| Place of publication, distribution, etc. | Boston: |
| Name of publisher, distributor, etc. | Pearson/A&B |
| Date of publication, distribution, etc. | 2009 |
| 300 ## - PHYSICAL DESCRIPTION | |
| Extent | 1 v. (various paging) : ill. |
| 500 ## - GENERAL NOTE | |
| General note | Includes bibliographical references and indexes |
| 650 #0 - SUBJECT ADDED ENTRY--TOPICAL TERM | |
| Topical term or geographic name entry element | PSYCHOLOGY--TEXTBOOKS |
| 700 ## - ADDED ENTRY--PERSONAL NAME | |
| Personal name | Lynn, Steven Jay |
| 700 ## - ADDED ENTRY--PERSONAL NAME | |
| Personal name | Woolf, Nancy J |
| 700 ## - ADDED ENTRY--PERSONAL NAME | |
| Personal name | Lilienfeld, Scott O |
| 995 ## - RECOMMENDATION 995 [LOCAL, UNIMARC FRANCE] | |
| -- | CBU-MAIN LIBRARY (Kitwe) |
| -- | 245.86 |
| -- | 2 |
| -- | OUT |
| -- | Oct 22, 2018 |
| -- | Main Library Open Access Collection |
| Withdrawn status | Lost status | Source of classification or shelving scheme | Damaged status | Not for loan | Home library | Current library | Shelving location | Date acquired | Total Checkouts | Full call number | Barcode | Date last seen | Price effective from | Koha item type |
|---|---|---|---|---|---|---|---|---|---|---|---|---|---|---|
| CBU-MAIN LIBRARY, KITWE. | CBU-MAIN LIBRARY, KITWE. | 11/30/2022 | BF 121 Psy | 748724 | 11/30/2022 | 11/30/2022 | MONOGRAPH |